=LDR 00000nam 2200000 4500 =001 INLIS000000000014121 =005 20180214080259 =035 ##$$a 0010-061300000014121 =008 180214###########################0###### =041 ##$$a Ind =082 ##$$a 621.3 =090 ##$$a 621.3, Sur t =100 ##$$a Suryatmo =245 1#$$a Teknik listrik arus searah, F.Suryatmo =260 ##$$a Bandung :$b Bumi Aksara,$c 2008 =300 ##$$a vii, 179 hlm, Ilus, 20,5 cm =650 ##$$a Teknik listrik =850 ##$$a NBPNMAT =020 ##$$a 979-526-239-4 =084 ##$$a 621.3 SUR t =250 ##$$a Cet. 8 =990 ##$$a 0001/BPAP-NTB/2016 =990 ##$$a 0001/BPAP-NTB/2016 =990 ##$$a 0001/BPAP-NTB/2016 =990 ##$$a 0001/BPAP-NTB/2016 =990 ##$$a 36423642 =990 ##$$a 36423642 =990 ##$$a 36423642 =990 ##$$a 36423642 =990 ##$$a 36423642 =990 ##$$a 21709386 =990 ##$$a 0001/BPAP-NTB/2016 =990 ##$$a 0001/BPAP-NTB/2016 =990 ##$$a 0001/BPAP-NTB/2016 =990 ##$$a 0001/BPAP-NTB/2016 =990 ##$$a 01201803642 =990 ##$$a 01201803643 =990 ##$$a 01201803644 =990 ##$$a 01201803645 =990 ##$$a 21709387 =990 ##$$a 0001/BPAP-NTB/2016 =990 ##$$a 0001/BPAP-NTB/2016 =990 ##$$a 0001/BPAP-NTB/2016 =990 ##$$a 0001/BPAP-NTB/2016 =990 ##$$a 01201803642 =990 ##$$a 01201803643 =990 ##$$a 01201803644 =990 ##$$a 21709386 =990 ##$$a 21709388 =990 ##$$a 0001/BPAP-NTB/2016 =990 ##$$a 0001/BPAP-NTB/2016 =990 ##$$a 0001/BPAP-NTB/2016 =990 ##$$a 0001/BPAP-NTB/2016 =990 ##$$a 01201803642 =990 ##$$a 01201803643 =990 ##$$a 21709387 =990 ##$$a 21709386 =990 ##$$a 21709389 =990 ##$$a 0001/BPAP-NTB/2016 =990 ##$$a 0001/BPAP-NTB/2016 =990 ##$$a 0001/BPAP-NTB/2016 =990 ##$$a 0001/BPAP-NTB/2016 =990 ##$$a 01201803642 =990 ##$$a 21709388 =990 ##$$a 21709387 =990 ##$$a 21709386 =990 ##$$a 21709390 =990 ##$$a 0001/BPAP-NTB/2016 =990 ##$$a 0001/BPAP-NTB/2016 =990 ##$$a 0001/BPAP-NTB/2016 =990 ##$$a 0001/BPAP-NTB/2016 =990 ##$$a 21709389 =990 ##$$a 21709388 =990 ##$$a 21709387 =990 ##$$a 21709386